| 000 | 00920nac a22002291u 4500 | ||
|---|---|---|---|
| 010 | _a 93043324 | ||
| 020 | _a0521249961 | ||
| 082 | 0 | 0 |
_a621.34 _bCAM |
| 090 |
_c9654 _d9654 |
||
| 100 | _aCampbell, Peter, | ||
| 245 | 1 | 0 |
_aPermanent magnet materials and their application / _cPeter Campbell. |
| 260 |
_aCambridge [England] ; _aNew York : _bCambridge University Press,1994. _c1994. |
||
| 300 |
_ax, 207 p. : _bill. ; _c24 cm. |
||
| 500 | _aDistributer:Al-Ahram. | ||
| 504 | _aIncludes bibliographical references and index. | ||
| 511 | _aCatalogued By: Mahitab. | ||
| 650 | 0 |
_aPermanent magnets _xDesign and construction. |
|
| 650 | 0 | _aMagnetic materials. | |
| 856 | 4 | 2 |
_3Publisher description _uhttp://www.loc.gov/catdir/description/cam032/93043324.html |
| 856 | 4 | 2 |
_3Table of contents _uhttp://www.loc.gov/catdir/toc/cam031/93043324.html |
| 942 |
_cBB _k621.34CAM |
||
| 999 |
_c9654 _d9654 |
||